[Event "Irish Championship 2015"]
[Site "Dublin IRL"]
[Date "2015.07.11"]
[Round "8.1"]
[White "Jessel, Stephen"]
[Black "Daly, Colm"]
[Result "0-1"]
[WhiteTitle "FM"]
[BlackTitle "FM"]
[WhiteElo "2352"]
[BlackElo "2319"]
[WhiteICU "2274"]
[BlackICU "2250"]
[WhiteClub "V&eacute;sinet FRA"]
[BlackClub "Bray/Greystones"]
[WhiteNationality "IRL"]
[BlackNationality "IRL"]
[WhiteFideId "628859"]
[BlackFideId "2500434"]
[PlyCount "138"]
[EventDate "2015.07.04"]

{ Source: <a
href="https://www.chess-results.com/tnr179720.aspx">Chess-Results.com</a>.
} { Event information: <a
href="https://www.irlchess.com/irlch2015_allfiles/pairings_irlch2015.html">Tournament
report</a>. }

1. Nf3 Nf6 2. c4 e6 3. g3 b6 4. Bg2 Bb7 5. O-O Be7 6. b3 c5 7. Bb2 O-O 8.
Nc3 d6 9. e3 Nbd7 10. d4 a6 11. d5 exd5 12. Nh4 g6 13. Nxd5 Nxd5 14. Bxd5
Bxd5 15. Qxd5 Bf6 16. Rab1 Bxh4 17. gxh4 Qxh4 18. Qxd6 Rad8 19. Qg3 Qxg3+
20. hxg3 f6 21. Rfd1 Ne5 22. Rd5 Rxd5 23. cxd5 Kf7 24. Kg2 Ke7 25. e4 Kd6
26. Rd1 Ng4 27. Rd2 h5 28. f3 Ne5 29. f4 Ng4 30. Kf3 b5 31. Ba3 a5 32. Bb2
b4 33. a4 Rf7 34. Rd1 Rf8 35. Rd2 Rf7 36. Ba1 Rf8 37. Ke2 Re8 38. Kf3 Rf8
39. Rd3 Rf7 40. Bb2 Rf8 41. Rd1 Rf7 42. Re1 f5 43. e5+ Kxd5 44. Rd1+ Kc6
45. Rd6+ Kc7 46. Rxg6 Rd7 47. Ke2 h4 48. e6 Rh7 49. gxh4 Rxh4 50. Kd3 Rh2
51. Bg7 Nf2+ 52. Kc4 Ne4 53. Bf8 Rc2+ 54. Kd5 c4 55. e7 Kd7 56. Ra6 cxb3
57. Ra7+ Rc7 58. Rxc7+ Kxc7 59. e8=Q $4 (59. Ke6 b2 60. e8=Q b1=Q { is
better for White, e.g. } 61. Qd7+ Kb6 62. Qb5+ Ka7 63. Qxa5+ Kb7 64. Qb5+
Ka7 65. Qxf5 $16) 59... Nf6+ $19 60. Kc4 Nxe8 61. Kxb3 Kc6 62. Kc4 Nf6 63.
Bg7 Nd5 64. Be5 Nb6+ 65. Kb3 Nd7 66. Bd4 Nc5+ 67. Kc4 Nxa4 68. Bg7 Nc5 69.
Bf6 Na6 0-1

[Event "Irish Championship 2015"]
[Site "Dublin IRL"]
[Date "2015.07.11"]
[Round "8.2"]
[White "O'Donnell, Conor"]
[Black "Short, Philip"]
[Result "1/2-1/2"]
[WhiteTitle "FM"]
[BlackTitle "FM"]
[WhiteElo "2263"]
[BlackElo "2294"]
[WhiteICU "2202"]
[BlackICU "2233"]
[WhiteClub "Gonzaga"]
[WhiteNationality "IRL"]
[BlackNationality "IRL"]
[WhiteFideId "2504243"]
[BlackFideId "2500086"]
[PlyCount "62"]
[EventDate "2015.07.04"]

{ Source: <a
href="https://www.chess-results.com/tnr179720.aspx">Chess-Results.com</a>.
} { Event information: <a
href="https://www.irlchess.com/irlch2015_allfiles/pairings_irlch2015.html">Tournament
report</a>. }

1. d4 d5 2. c4 dxc4 3. Nf3 Nf6 4. e3 e6 5. Bxc4 c5 6. O-O a6 7. Bb3 b5 8.
a4 b4 9. Nbd2 cxd4 10. e4 Be7 11. e5 Nfd7 12. Nc4 Nc5 13. Bg5 O-O 14. Bxe7
Qxe7 15. Nxd4 Nxb3 16. Qxb3 Bb7 17. Nd6 Bd5 18. Qg3 Nc6 19. Rfd1 Nxd4 20.
Rxd4 f6 21. Rc1 Qa7 22. Rxb4 fxe5 23. Qe3 Qxe3 24. fxe3 e4 25. Nxe4 a5 26.
Rd4 Rab8 27. Rc2 Bb3 28. Rc7 Bd5 29. Rc2 Bb3 30. Rc7 Bd5 31. Rc2 Bb3
1/2-1/2

[Event "Irish Championship 2015"]
[Site "Dublin IRL"]
[Date "2015.07.11"]
[Round "8.3"]
[White "Brady, Stephen"]
[Black "MacElligott, Gerard"]
[Result "1-0"]
[WhiteTitle "FM"]
[BlackTitle "CM"]
[WhiteElo "2349"]
[BlackElo "2062"]
[WhiteICU "2310"]
[BlackICU "1941"]
[WhiteClub "St. Benildus"]
[BlackClub "Elm Mount"]
[WhiteNationality "IRL"]
[BlackNationality "IRL"]
[WhiteFideId "2500124"]
[BlackFideId "2500647"]
[PlyCount "67"]
[EventDate "2015.07.04"]

{ Source: <a
href="https://www.chess-results.com/tnr179720.aspx">Chess-Results.com</a>.
} { Event information: <a
href="https://www.irlchess.com/irlch2015_allfiles/pairings_irlch2015.html">Tournament
report</a>. }

1. e4 e6 2. d4 d5 3. Nc3 Nf6 4. Bg5 Bb4 5. e5 h6 6. Be3 Ne4 7. Qg4 Kf8 8.
a3 Bxc3+ 9. bxc3 c5 10. Bd3 Qa5 11. Ne2 cxd4 12. Bxd4 Nc6 13. O-O Nc5 14.
c4 Nxd3 15. cxd3 Kg8 16. Rfc1 Kh7 17. Qf3 Rf8 18. Bc3 Qd8 19. Bb4 Nxb4 20.
axb4 Qg5 21. d4 Bd7 22. cxd5 exd5 23. Rc7 Bg4 24. Qxd5 Kg8 25. Ng3 Rac8 26.
Qxb7 Rxc7 27. Qxc7 Rc8 28. Qxa7 Rc1+ 29. Rxc1 Qxc1+ 30. Nf1 Qb1 31. f3 Be6
32. Qa8+ Kh7 33. Qe4+ Qxe4 34. fxe4 1-0

[Event "Irish Championship 2015"]
[Site "Dublin IRL"]
[Date "2015.07.11"]
[Round "8.4"]
[White "Mulligan, Scott"]
[Black "Fitzsimons, David"]
[Result "0-1"]
[BlackTitle "FM"]
[WhiteElo "1957"]
[BlackElo "2416"]
[WhiteICU "1947"]
[BlackICU "2337"]
[WhiteClub "Rathmines"]
[BlackClub "Elm Mount"]
[WhiteNationality "IRL"]
[BlackNationality "IRL"]
[WhiteFideId "2507498"]
[BlackFideId "2501961"]
[PlyCount "86"]
[EventDate "2015.07.04"]

{ Source: <a
href="https://www.chess-results.com/tnr179720.aspx">Chess-Results.com</a>.
} { Event information: <a
href="https://www.irlchess.com/irlch2015_allfiles/pairings_irlch2015.html">Tournament
report</a>. }

1. f4 Nf6 2. Nf3 d5 3. e3 Bg4 4. Be2 Nbd7 5. Ne5 Bxe2 6. Qxe2 e6 7. b3 Bd6
8. Bb2 c6 9. O-O Qc7 10. d4 O-O 11. c4 Ne4 12. Nf3 b5 13. cxb5 cxb5 14.
Nbd2 Ndf6 15. Rfc1 Qb7 16. Nxe4 Nxe4 17. Nd2 Nf6 18. g4 Bb4 19. Bc3 Ba3 20.
Rc2 Rfc8 21. g5 Ne8 22. Nf1 Qc6 23. Ng3 Rab8 24. f5 Rb7 25. Rf1 b4 26. Bxb4
Qxc2 27. Qxc2 Rxc2 28. Bxa3 Rxa2 29. Bc5 Nc7 30. b4 Na6 31. Bd6 exf5 32.
Nxf5 f6 33. h4 Nxb4 34. h5 Kf7 35. Bc5 Ke6 36. Bxb4 Rxb4 37. Nxg7+ Kf7 38.
h6 Kg6 39. gxf6 Rbb2 40. Rc1 Kxf6 41. Rc6+ Kg5 42. Ne6+ Kg4 43. Rc1 Rg2+
0-1

[Event "Irish Championship 2015"]
[Site "Dublin IRL"]
[Date "2015.07.11"]
[Round "8.5"]
[White "O'Connell, Gerard"]
[Black "Palmer, Bernard"]
[Result "1-0"]
[WhiteElo "2106"]
[BlackElo "2022"]
[WhiteICU "2000"]
[BlackICU "1928"]
[WhiteClub "St. Benildus"]
[BlackClub "Dun Laoghaire"]
[WhiteNationality "IRL"]
[BlackNationality "IRL"]
[WhiteFideId "2500493"]
[BlackFideId "2500701"]
[PlyCount "49"]
[EventDate "2015.07.04"]

{ Source: <a
href="https://www.chess-results.com/tnr179720.aspx">Chess-Results.com</a>.
} { Event information: <a
href="https://www.irlchess.com/irlch2015_allfiles/pairings_irlch2015.html">Tournament
report</a>. }

1. d4 Nf6 2. c4 e6 3. Nc3 d5 4. Bg5 Be7 5. Nf3 Ne4 6. Bxe7 Qxe7 7. cxd5
Nxc3 8. bxc3 exd5 9. Qb3 c6 10. e3 Nd7 11. Be2 O-O 12. O-O Re8 13. Rfe1 Nf6
14. Ne5 Ne4 15. Bd3 Nd6 16. Rab1 Be6 17. Qc2 Qh4 18. c4 dxc4 19. Nxc4 Nxc4
20. Bxc4 Bxc4 21. Qxc4 Re7 22. Qc5 Qf6 23. Rec1 Rc7 24. Qa3 b6 25. Rxb6 1-0

[Event "Irish Championship 2015"]
[Site "Dublin IRL"]
[Date "2015.07.11"]
[Round "8.6"]
[White "Fox, Anthony"]
[Black "Harding, Tim"]
[Result "1/2-1/2"]
[WhiteElo "2035"]
[BlackElo "2085"]
[WhiteICU "2002"]
[BlackICU "1949"]
[WhiteClub "Dun Laoghaire"]
[BlackClub "T.C.D."]
[WhiteNationality "IRL"]
[BlackNationality "IRL"]
[WhiteFideId "2500736"]
[BlackFideId "2500256"]
[PlyCount "38"]
[EventDate "2015.07.04"]

{ Source: <a
href="https://www.chess-results.com/tnr179720.aspx">Chess-Results.com</a>.
} { Event information: <a
href="https://www.irlchess.com/irlch2015_allfiles/pairings_irlch2015.html">Tournament
report</a>. }

1. e4 e6 2. d4 d5 3. exd5 exd5 4. Nf3 Bd6 5. Bd3 Nf6 6. O-O O-O 7. Bg5 Bg4
8. Nbd2 Nc6 9. c3 h6 10. Bh4 g5 11. Bg3 Nh5 12. Qc2 Nf4 13. Bxf4 Bxf4 14.
Rfe1 Qd6 15. g3 Bxd2 16. Nxd2 Rfe8 17. f3 Bd7 18. Kf2 Re6 19. Nf1 Rae8
1/2-1/2

[Event "Irish Championship 2015"]
[Site "Dublin IRL"]
[Date "2015.07.11"]
[Round "8.7"]
[White "Boland, Dylan"]
[Black "Li, Henry"]
[Result "1/2-1/2"]
[WhiteElo "1682"]
[BlackElo "1866"]
[WhiteICU "1667"]
[BlackICU "1775"]
[WhiteClub "St. Benildus"]
[BlackClub "Rathmines"]
[WhiteNationality "IRL"]
[BlackNationality "IRL"]
[WhiteFideId "2507560"]
[BlackFideId "2508524"]
[PlyCount "58"]
[EventDate "2015.07.04"]

{ Source: <a
href="https://www.chess-results.com/tnr179720.aspx">Chess-Results.com</a>.
} { Event information: <a
href="https://www.irlchess.com/irlch2015_allfiles/pairings_irlch2015.html">Tournament
report</a>. }

1. Nf3 Nf6 2. d4 d6 3. c4 g6 4. g3 Bg7 5. Bg2 O-O 6. Nc3 Nbd7 7. O-O e5 8.
e4 a6 9. Re1 exd4 10. Nxd4 Ng4 11. h3 Qf6 12. hxg4 Qxd4 13. Qxd4 Bxd4 14.
Nd5 c6 15. Ne7+ Kg7 16. Nxc8 Raxc8 17. g5 Ne5 18. Rd1 c5 19. Bf1 f6 20. Be2
fxg5 21. Bxg5 Rxf2 22. Rxd4 Rxe2 23. Rxd6 Rf8 24. Bf4 Nf3+ 25. Kf1 Rxb2 26.
Rd7+ Kg8 27. Bd6 Nh2+ 28. Kg1 Rff2 29. Rd8+ Kg7 1/2-1/2

[Event "Irish Championship 2015"]
[Site "Dublin IRL"]
[Date "2015.07.11"]
[Round "8.8"]
[White "O'Gorman, Tom"]
[Black "Crichton, Martin"]
[Result "1/2-1/2"]
[WhiteElo "1859"]
[BlackElo "1973"]
[WhiteICU "1861"]
[WhiteClub "Dun Laoghaire"]
[BlackClub "Transport for London ENG"]
[WhiteNationality "IRL"]
[BlackNationality "IRL"]
[WhiteFideId "2508249"]
[BlackFideId "2500973"]
[PlyCount "103"]
[EventDate "2015.07.04"]

{ Source: <a
href="https://www.chess-results.com/tnr179720.aspx">Chess-Results.com</a>.
} { Event information: <a
href="https://www.irlchess.com/irlch2015_allfiles/pairings_irlch2015.html">Tournament
report</a>. }

1. e4 c6 2. d4 d5 3. Nc3 dxe4 4. Nxe4 Bf5 5. Ng3 Bg6 6. N1e2 Nf6 7. h4 Nh5
8. c3 Nd7 9. Qb3 Qb6 10. Nxh5 Bxh5 11. Ng3 Qxb3 12. axb3 Bg6 13. Bc4 h6 14.
Bf4 e6 15. Kd2 Nf6 16. Rhe1 Kd7 17. Ra5 a6 18. b4 Nd5 19. Bxd5 exd5 20. Ne2
Be7 21. Bg3 Rae8 22. Nf4 Bh7 23. b5 cxb5 24. Nxd5 Bd6 25. Bxd6 Kxd6 26. Ne3
Re4 27. g3 Rc8 28. Nc2 Rxe1 29. Nxe1 Be4 30. Nd3 Bxd3 31. Kxd3 Re8 32. Ra1
Re6 33. Rd1 Kd5 34. Rd2 Re1 35. b3 Re7 36. c4+ bxc4+ 37. bxc4+ Kd6 38. Rb2
Kc6 39. c5 Re1 40. Rc2 Kd5 41. Rb2 Kc6 42. Rb6+ Kc7 43. d5 Rd1+ 44. Ke4
Re1+ 45. Kf3 Rd1 46. d6+ Kc8 47. c6 bxc6 48. Rxc6+ Kd7 49. Rc7+ Ke6 50.
Re7+ Kf6 51. Rd7 Ke6 52. Re7+ 1/2-1/2

[Event "Irish Championship 2015"]
[Site "Dublin IRL"]
[Date "2015.07.11"]
[Round "8.9"]
[White "O'Rourke, Ray"]
[Black "O'Neill, Paul"]
[Result "1-0"]
[WhiteElo "1984"]
[BlackElo "1954"]
[WhiteICU "1847"]
[BlackICU "1728"]
[WhiteClub "Bray/Greystones"]
[BlackClub "Naomh Barr&oacute;g"]
[WhiteNationality "IRL"]
[BlackNationality "IRL"]
[WhiteFideId "2501023"]
[BlackFideId "2507692"]
[PlyCount "165"]
[EventDate "2015.07.04"]

{ Source: <a
href="https://www.chess-results.com/tnr179720.aspx">Chess-Results.com</a>.
} { Event information: <a
href="https://www.irlchess.com/irlch2015_allfiles/pairings_irlch2015.html">Tournament
report</a>. }

1. e4 c5 2. Nf3 d6 3. d4 cxd4 4. Nxd4 Nf6 5. Nc3 a6 6. Bc4 e6 7. Bb3 Nbd7
8. Be3 Nc5 9. Qe2 Be7 10. O-O-O O-O 11. e5 Nd5 12. Bxd5 exd5 13. Nxd5 dxe5
14. Nb3 Nxb3+ 15. axb3 Be6 16. Nf6+ Bxf6 17. Rxd8 Rfxd8 18. Rd1 Rdc8 19.
Kb1 Bf5 20. Rd2 a5 21. Qf3 Bg6 22. Qxb7 Rcb8 23. Qc6 Rc8 24. Qa4 Rcb8 25.
Bc5 h6 26. h4 h5 27. g3 Re8 28. Kc1 e4 29. c4 Be5 30. Be3 Reb8 31. Qc6 Rc8
32. Qb5 Bf6 33. Bf4 Be7 34. Bd6 Bf6 35. c5 Re8 36. Bf4 Be5 37. Bxe5 Rxe5
38. Qb6 Kh7 39. c6 a4 40. b4 a3 41. bxa3 Rxa3 42. Qd4 Re6 43. Kb2 Rf3 44.
c7 Rc6 45. b5 Rxc7 46. b6 Rb7 47. Qc5 Rf5 48. Qc6 Rb8 49. b7 e3 50. fxe3
Re5 51. Rd4 Rxe3 52. Qc7 Ree8 53. Rf4 Rbd8 54. Rf2 Rb8 55. Ka2 Rf8 56. Re2
Bd3 57. Re7 Ba6 58. Qc6 Bd3 59. Qd5 Bg6 60. Ka3 Rfd8 61. Qe5 Kg8 62. Kb4
Kf8 63. Rd7 Re8 64. Qd6+ Kg8 65. Kb5 Be4 66. Qb6 Bf5 67. Rc7 Re1 68. Qd4
Rb1+ 69. Ka6 Rb3 70. Ka7 Re8 71. Qa4 Ree3 72. b8=Q+ Rxb8 73. Kxb8 Rxg3 74.
Qe8+ Kh7 75. Qxf7 Bh3 76. Qxh5+ Kg8 77. Qf7+ Kh7 78. Rc5 Bg4 79. Rg5 Rb3+
80. Qxb3 Be6 81. Qxe6 g6 82. Qxg6+ Kh8 83. Qg7# 1-0

[Event "Irish Championship 2015"]
[Site "Dublin IRL"]
[Date "2015.07.12"]
[Round "9.1"]
[White "Short, Philip"]
[Black "Daly, Colm"]
[Result "1/2-1/2"]
[WhiteTitle "FM"]
[BlackTitle "FM"]
[WhiteElo "2294"]
[BlackElo "2319"]
[WhiteICU "2233"]
[BlackICU "2250"]
[BlackClub "Bray/Greystones"]
[WhiteNationality "IRL"]
[BlackNationality "IRL"]
[WhiteFideId "2500086"]
[BlackFideId "2500434"]
[PlyCount "125"]
[EventDate "2015.07.04"]

{ Source: <a
href="https://www.chess-results.com/tnr179720.aspx">Chess-Results.com</a>.
} { Event information: <a
href="https://www.irlchess.com/irlch2015_allfiles/pairings_irlch2015.html">Tournament
report</a>. }

1. d4 Nf6 2. c4 c5 3. d5 b5 4. cxb5 a6 5. bxa6 Bxa6 6. Nc3 g6 7. Nf3 d6 8.
e4 Bxf1 9. Kxf1 Bg7 10. g3 O-O 11. Kg2 Nbd7 12. h3 Qa5 13. Qc2 Rfb8 14. Bd2
Qa6 15. a4 Qc4 16. Ra3 Rb7 17. Re1 Rab8 18. Bc1 Ne8 19. Nd2 Qa6 20. Nb5 Nc7
21. Nxc7 Rxc7 22. Nc4 Ne5 23. Nxe5 Bxe5 24. Qe2 c4 25. Rd1 Rcb7 26. Ra2 Rb3
27. a5 R3b4 28. Rd2 Qb5 29. a6 Ra8 30. a7 Qc5 31. Rc2 Rxa7 32. Rxa7 Qxa7
33. Rxc4 Qa6 34. Rc2 Qb7 35. h4 Bg7 36. Rc4 Rxc4 37. Qxc4 Bxb2 38. Qc6 Qb4
39. Qe8+ Kg7 40. Bxb2+ Qxb2 41. Qxe7 Qb4 42. g4 h6 43. g5 hxg5 44. hxg5 Kg8
45. Qd8+ Kg7 46. Qf6+ Kf8 47. Qf4 Kg8 48. Qe3 Qc4 49. Kg3 Qf1 50. Kh2 Qd1
51. Qf4 Qd4 52. Kg2 Qc5 53. Qd2 Qc4 54. f3 Kf8 55. Qb2 Qc5 56. Qh8+ Ke7 57.
Qf6+ Ke8 58. Qh8+ Kd7 $4 { Black needed a win to share first place, so was
presumably seeking a way to avoid the perpetual. But the move played loses
instantly to 59. Qf8. This unusual incident caused considerable comment at
the time, and indeed long after. } 59. Qf6 Ke8 60. Qh8+ Ke7 61. Qf6+ Kf8 $6
{ This also loses but not in as clear-cut a way as in the previous note. }
62. Qh8+ (62. e5 Qc2+ 63. Kg3 Qd1 $1 64. exd6 $1 (64. Qxd6+ $2 $10) { is
winning for White but would need work, and with time short and queens on
there is always the possibility of a losing error. In the tournament
circumstances, it seems a reasonable risk for Black to take. }) 62... Ke7
63. Qf6+ 1/2-1/2

[Event "Irish Championship 2015"]
[Site "Dublin IRL"]
[Date "2015.07.12"]
[Round "9.2"]
[White "O'Connell, Gerard"]
[Black "Brady, Stephen"]
[Result "1/2-1/2"]
[BlackTitle "FM"]
[WhiteElo "2106"]
[BlackElo "2349"]
[WhiteICU "2000"]
[BlackICU "2310"]
[WhiteClub "St. Benildus"]
[BlackClub "St. Benildus"]
[WhiteNationality "IRL"]
[BlackNationality "IRL"]
[WhiteFideId "2500493"]
[BlackFideId "2500124"]
[PlyCount "84"]
[EventDate "2015.07.04"]

{ Source: <a
href="https://www.chess-results.com/tnr179720.aspx">Chess-Results.com</a>.
} { Event information: <a
href="https://www.irlchess.com/irlch2015_allfiles/pairings_irlch2015.html">Tournament
report</a>. }

1. d4 Nf6 2. c4 e6 3. Nc3 Bb4 4. e3 d5 5. a3 Bxc3+ 6. bxc3 O-O 7. cxd5 Qxd5
8. Nf3 b6 9. c4 Qd6 10. Bb2 Bb7 11. Be2 Nbd7 12. O-O Rfd8 13. Qb3 c5 14.
Rfd1 Rac8 15. Rac1 cxd4 16. exd4 Qf4 17. h3 Ne4 18. Rc2 Qc7 19. Rcc1 Nef6
20. Qe3 Re8 21. Rd2 Bxf3 22. Bxf3 e5 23. Bg4 Nxg4 24. hxg4 h6 25. g5 hxg5
26. Qxg5 f6 27. Qg4 Rcd8 28. dxe5 Nxe5 29. Bxe5 Qxe5 30. Rxd8 Rxd8 31. Qf3
Rd7 32. Rd1 Rxd1+ 33. Qxd1 Kh7 34. Qd3+ Kh6 35. g3 f5 36. Qd2+ Kg6 37. Kf1
Qa5 38. Qe1 Qxa3 39. Qe6+ Kg5 40. Kg2 g6 41. f4+ Kh6 42. Qf6 Kh7 1/2-1/2

[Event "Irish Championship 2015"]
[Site "Dublin IRL"]
[Date "2015.07.12"]
[Round "9.3"]
[White "Harding, Tim"]
[Black "Jessel, Stephen"]
[Result "1/2-1/2"]
[BlackTitle "FM"]
[WhiteElo "2085"]
[BlackElo "2352"]
[WhiteICU "1949"]
[BlackICU "2274"]
[WhiteClub "T.C.D."]
[BlackClub "V&eacute;sinet FRA"]
[WhiteNationality "IRL"]
[BlackNationality "IRL"]
[WhiteFideId "2500256"]
[BlackFideId "628859"]
[PlyCount "91"]
[EventDate "2015.07.04"]

{ Source: <a
href="https://www.chess-results.com/tnr179720.aspx">Chess-Results.com</a>.
} { Event information: <a
href="https://www.irlchess.com/irlch2015_allfiles/pairings_irlch2015.html">Tournament
report</a>. }

1. e4 e6 2. d4 d5 3. Nc3 Nf6 4. Bg5 Bb4 5. e5 h6 6. Bc1 Ne4 7. Qg4 g6 8. a3
Bxc3+ 9. bxc3 c5 10. Ne2 Qa5 11. f3 Nxc3 12. Bd2 cxd4 13. Nxd4 Qc7 14. f4
Bd7 15. Bd3 Ne4 16. Bxe4 dxe4 17. Bb4 a5 18. Bd2 Qc4 19. Be3 Nc6 20. Nxc6
Bxc6 21. Qe2 Qxe2+ 22. Kxe2 Bb5+ 23. Kd2 O-O-O+ 24. Kc3 Rd5 25. Rhd1 Rhd8
26. Rd4 Rxd4 27. Bxd4 Kc7 28. Re1 Bc6 29. g3 h5 30. Rb1 Rd5 31. Re1 Rd8 32.
Rd1 Rd5 33. Rd2 Bb5 34. Be3 Kc6 35. Rd4 Rxd4 36. Kxd4 Ba4 37. c4 Bc2 38.
Bd2 b6 39. Kc3 Bd3 40. Be3 Be2 41. Kd4 Bf1 42. Bd2 Be2 43. Be3 Bd3 44. Kc3
Bb1 45. Kb2 Bd3 46. Kc3 1/2-1/2

[Event "Irish Championship 2015"]
[Site "Dublin IRL"]
[Date "2015.07.12"]
[Round "9.4"]
[White "Fitzsimons, David"]
[Black "Fox, Anthony"]
[Result "1-0"]
[WhiteTitle "FM"]
[WhiteElo "2416"]
[BlackElo "2035"]
[WhiteICU "2337"]
[BlackICU "2002"]
[WhiteClub "Elm Mount"]
[BlackClub "Dun Laoghaire"]
[WhiteNationality "IRL"]
[BlackNationality "IRL"]
[WhiteFideId "2501961"]
[BlackFideId "2500736"]
[PlyCount "131"]
[EventDate "2015.07.04"]

{ Source: <a
href="https://www.chess-results.com/tnr179720.aspx">Chess-Results.com</a>.
} { Event information: <a
href="https://www.irlchess.com/irlch2015_allfiles/pairings_irlch2015.html">Tournament
report</a>. }

1. e4 e5 2. Nf3 Nc6 3. Bb5 a6 4. Ba4 Nf6 5. O-O Be7 6. d3 b5 7. Bb3 d6 8.
a4 Bd7 9. c3 Na5 10. Bc2 c5 11. Nbd2 O-O 12. Re1 Re8 13. Nf1 h6 14. h3 Bf8
15. Ne3 g6 16. Nh2 Bg7 17. Qf3 b4 18. Nhg4 Nxg4 19. Nxg4 b3 20. Bd1 Bxg4
21. Qxg4 Rb8 22. f4 exf4 23. Bxf4 Nc6 24. Be2 c4 25. Qg3 cxd3 26. Qxd3 Qb6+
27. Be3 Qc7 28. Rad1 a5 29. Qxd6 Qxd6 30. Rxd6 Ne5 31. Red1 Bf8 32. Ra6 Ra8
33. Rxa8 Rxa8 34. Bb5 Rc8 35. Kf2 Nc4 36. Bc1 Nd6 37. Bd3 Nc4 38. Ke2 Bg7
39. Rf1 h5 40. Rf2 Be5 41. Kf1 Kg7 42. Ke2 Rc6 43. Rf1 f6 44. Rd1 g5 45.
Kf2 Kg6 46. Be2 Nd6 47. Kf3 g4+ 48. hxg4 hxg4+ 49. Ke3 Nc4+ 50. Kd3 Nb6 51.
Bxg4 Nxa4 52. Ke2 Rc7 53. Bf5+ Kf7 54. Rh1 Ke7 55. Rh7+ Kd6 56. Rxc7 Kxc7
57. Kd3 Nb6 58. Be3 Na4 59. Kc4 Nxb2+ 60. Kxb3 Nd1 61. Bd2 Kc6 62. c4 Bc7
63. Be6 Bb6 64. Bd5+ Kc5 65. Kc2 Kd4 66. Kxd1 1-0

[Event "Irish Championship 2015"]
[Site "Dublin IRL"]
[Date "2015.07.12"]
[Round "9.5"]
[White "O'Donnell, Conor"]
[Black "Boland, Dylan"]
[Result "1-0"]
[WhiteTitle "FM"]
[WhiteElo "2263"]
[BlackElo "1682"]
[WhiteICU "2202"]
[BlackICU "1667"]
[WhiteClub "Gonzaga"]
[BlackClub "St. Benildus"]
[WhiteNationality "IRL"]
[BlackNationality "IRL"]
[WhiteFideId "2504243"]
[BlackFideId "2507560"]
[PlyCount "37"]
[EventDate "2015.07.04"]

{ Source: <a
href="https://www.chess-results.com/tnr179720.aspx">Chess-Results.com</a>.
} { Event information: <a
href="https://www.irlchess.com/irlch2015_allfiles/pairings_irlch2015.html">Tournament
report</a>. }

1. d4 Nf6 2. c4 e6 3. Nc3 d5 4. cxd5 exd5 5. Bg5 c6 6. Qc2 h6 7. Bh4 g5 8.
Bg3 Qa5 9. e3 Na6 10. Be5 Be7 11. Nf3 Rg8 12. Nd2 Bg4 13. Nb3 Qb6 14. a3
Bf5 15. Qxf5 Qxb3 16. Bxa6 Qxb2 17. O-O bxa6 18. Bxf6 Qxc3 19. Qe5 1-0

[Event "Irish Championship 2015"]
[Site "Dublin IRL"]
[Date "2015.07.12"]
[Round "9.6"]
[White "MacElligott, Gerard"]
[Black "Kennedy, John P. A."]
[Result "1-0"]
[WhiteTitle "CM"]
[WhiteElo "2062"]
[BlackElo "2074"]
[WhiteICU "1941"]
[BlackICU "2017"]
[WhiteClub "Elm Mount"]
[BlackClub "Dublin"]
[WhiteNationality "IRL"]
[BlackNationality "IRL"]
[WhiteFideId "2500647"]
[BlackFideId "2501120"]
[PlyCount "95"]
[EventDate "2015.07.04"]

{ Source: <a
href="https://www.chess-results.com/tnr179720.aspx">Chess-Results.com</a>.
} { Event information: <a
href="https://www.irlchess.com/irlch2015_allfiles/pairings_irlch2015.html">Tournament
report</a>. }

1. d4 d5 2. c4 e6 3. Nf3 c5 4. cxd5 exd5 5. g3 Nc6 6. Bg2 Nf6 7. O-O Be7 8.
Nc3 O-O 9. dxc5 Bxc5 10. Na4 Be7 11. Be3 Be6 12. Nc5 Bxc5 13. Bxc5 Re8 14.
Bd4 Ne4 15. Qb3 Nxd4 16. Nxd4 Nd2 17. Qxb7 Nxf1 18. Rxf1 Qb6 19. Qxb6 axb6
20. a3 Ra4 21. e3 Rc8 22. f4 g6 23. Rd1 Rac4 24. Rd2 Rc1+ 25. Kf2 h5 26. h3
Kg7 27. Kf3 Kf6 28. g4 hxg4+ 29. hxg4 Rh8 30. Kg3 Re1 31. Kf2 Rc1 32. Kg3
Rhc8 33. f5 gxf5 34. gxf5 Bxf5 35. Rf2 Rg8+ 36. Kh2 Rh8+ 37. Kg3 Rh5 38.
Bxd5 Rg1+ 39. Bg2 Kg6 40. Nf3 Rc1 41. Nh4+ Rxh4 42. Kxh4 Re1 43. Bf3 Rxe3
44. Bh5+ Kf6 45. Bg4 Re5 46. a4 Ke6 47. Rxf5 Rxf5 48. b4 1-0